000 00667nam a2200205Ia 4500
003 GCL
008 140319s9999 xx 000 0 ara d
040 _aGCL /
_cGCL
082 0 4 _a819
_bت ن
100 1 _aنورى سودان
245 1 0 _aنظم الدر والعقيان فى محاسن الكلام /
_cنورى سودان
700 1 _aالتنسى , ابوعبدالله محمد بن
260 _a[S.N] :
_bفرانس شتايز ،
_c1980
300 _a521 ص
490 _aالنشرات الاسلامية
_v0
650 0 4 _aالشعر العربى
650 0 4 _aالادب العربى
650 0 4 _aالبلاغة العربية
942 _2ddc
_cBK
999 _c35455
_d35455